000 00796nam a22002897a 4500
001 0178
003 DO-SdBNP
005 20160316153901.0
007 0178
008 151005b 200 1997 xxu 00| 0 spa d
020 _a0153020385
040 _aBPMSU
_bspa
_cBPMSU
092 _aXXXX
_bXXXX
245 0 0 _aMeeting many people /
_cRichard G. Boehm...[et al.]
260 _aOrlando, Estados Unidos :
_bHarcourt brace & company,
_c1997.
300 _ax, A7, 212 p :
_bil., mapa, retrs.
_c29cm.
500 _aIncluye índice
500 _aIncluye glosario
700 1 2 _aBoehm, Richard G.
700 1 2 _aHoone, Claudia
700 1 2 _aMcGowan, Thomas M.
700 1 2 _aMcKinney-Browning, Mabel C.
700 1 2 _aMiramontes, Ofelia B.
910 _a144
942 _2ddc
_cBK
956 _aYngrid Lockward
999 _c9266
_d9266